000 00810nas a2200265 4500
001 BR9208560
003 BR-BrBNA
005 20231205093124.0
007 ta
008 230509b bl.|||p| |||| 00| 00por d
040 _aBR-BrBNA
_bpor
_cBiblioteca Nacional de Agricultura
041 _a(Pt)
072 _aH20; H10
100 1 _aSantos, B.B. dos
100 1 _aSilva, L.A.T. da
100 1 _aPivatto, A.
245 1 _aSituacao do nematoide causador da ponta branca do arroz (Aphelenchoides besseyi Christie)no Estado do Parana
650 _aARROZ
650 _aPONTA BRANCA
650 _aNEMATOIDE
650 _aPARANÁ
773 0 _tRevista de Agricultura (Brazil)
_xISSN 0034-7655
_g(Dec 1987), v. 62(3) p. 255-257
_wBR9208560
909 _a202311
_bLúcia
_c55
_dLúcia Elande
942 _2AGRIS
_n0
_cANA
999 _c136354
_d136354